Years of no decision / (Record no. 1560)

MARC details
000 -LEADER
fixed length control field 00960cam a2200289 a 4500
001 - CONTROL NUMBER
control field 4318771
003 - CONTROL NUMBER IDENTIFIER
control field OSt
005 - DATE AND TIME OF LATEST TRANSACTION
control field 20230620102727.0
008 - FIXED-LENGTH DATA ELEMENTS--GENERAL INFORMATION
fixed length control field 870429s1987 enkaf b 001 0deng
010 ## - LIBRARY OF CONGRESS CONTROL NUMBER
LC control number 87136513
020 ## - INTERNATIONAL STANDARD BOOK NUMBER
International Standard Book Number 0710302150
040 ## - CATALOGING SOURCE
Original cataloging agency DLC
Transcribing agency DLC
Modifying agency DLC
043 ## - GEOGRAPHIC AREA CODE
Geographic area code a-is---
-- ma-----
-- a-jo---
082 ## - DEWEY DECIMAL CLASSIFICATION NUMBER
Classification number 320.9
Item number FAR
100 2# - MAIN ENTRY--PERSONAL NAME
Personal name El-Farra, Muhammad.
245 10 - TITLE STATEMENT
Title Years of no decision /
Statement of responsibility, etc. Muhammad El-Farra.
260 ## - PUBLICATION, DISTRIBUTION, ETC. (IMPRINT)
Place of publication, distribution, etc. London ;
-- New York :
Name of publisher, distributor, etc. KPI ;
Place of publication, distribution, etc. New York, NY, USA :
Name of publisher, distributor, etc. Distributed by Methuen,
Date of publication, distribution, etc. 1987.
300 ## - PHYSICAL DESCRIPTION
Extent xi, 222 p., 16 p. of plates :
Other physical details ill. ;
Dimensions 24 cm.
504 ## - BIBLIOGRAPHY, ETC. NOTE
Bibliography, etc Includes bibliographical references and index.
600 20 - SUBJECT ADDED ENTRY--PERSONAL NAME
Personal name El-Farra, Muhammad.
610 20 - SUBJECT ADDED ENTRY--CORPORATE NAME
Corporate name or jurisdiction name as entry element United Nations
Geographic subdivision Palestine.
650 #0 - SUBJECT ADDED ENTRY--TOPICAL TERM
Topical term or geographic name as entry element Arab-Israeli conflict
650 #0 - SUBJECT ADDED ENTRY--TOPICAL TERM
Topical term or geographic name as entry element Diplomats
Geographic subdivision Jordan
Form subdivision Biography.
906 ## - LOCAL DATA ELEMENT F, LDF (RLIN)
a 7
b cbc
c orignew
d 3
e ncip
f 19
g y-gencatlg
942 ## - ADDED ENTRY ELEMENTS (KOHA)
Source of classification or shelving scheme Dewey Decimal Classification
Koha item type Books
Holdings
Withdrawn status Lost status Source of classification or shelving scheme Damaged status Not for loan Home library Current library Date acquired Total Checkouts Full call number Barcode Date last seen Price effective from Koha item type
    Dewey Decimal Classification     County Hall Archives County Hall Archives 06/20/2023   320.9 FAR 10002427 06/20/2023 06/20/2023 Books
LIBRARY OPENING HOURS

When the Parliament is sitting: 8.00a.m - 7.00p.m or until the house adjourns
Mondays and Fridays and when the House is on Recess:  8.00a.m - 5.00p.m
Closed on Weekends and Public Holidays

Online Public Access Catalog (OPAC)
Website: http://www.parliament.go.ke
Bunge Library: https://libraryir.parliament.go.ke
Contact: library@parliament.go.ke | Tel no: (254-2)2221291 or 2848000 Ext 5043